| 000 | 01480nam0a2200361 4500 | ||
|---|---|---|---|
| 001 | RU\NLR\bibl\1426249 | ||
| 005 | 20260405190340.0 | ||
| 010 |
_a978-5-94434-144-0 _bв пер. _9500 |
||
| 021 |
_aRU _b2009-65710 _94049 |
||
| 035 | _a(nilc)RSL-KNO-004372224 | ||
| 035 | _a(NLR Aleph) 001418173 | ||
| 090 |
_a1325558 _c1325558 |
||
| 100 | _a20090820d2009 |||y0rusy50 ca | ||
| 101 | 0 |
_arus _alak |
|
| 102 | _aRU | ||
| 105 | _ay zzzz||||| | ||
| 200 | 1 |
_aСредства выражения побудительной модальности в лакском языке _fН. М.-Г. Абакарова _gДагестанский науч. центр Российской акад. наук, Ин-т яз., лит. и искусства им. Г. Цадасы |
|
| 210 |
_aМахачкала _cИЯЛИ ДНЦ РАН _d2009 |
||
| 215 |
_a149, [1] с. _d21 |
||
| 320 | _aБиблиогр.: с. 137-148 | ||
| 606 | 1 |
_aЛакский язык _xКатегория побуждения _92576338 _3RU\NLR\auth\661523265 |
|
| 686 |
_aШ160.34-32,0 _2rubbk |
||
| 686 |
_aШ160.34-2,0 _2rubbk |
||
| 686 | _aШ160.34-2 | ||
| 686 | _aШ160.34-32 | ||
| 700 | 1 |
_4070 _7ca _8rus _aАбакарова _bН. М.-Г. _gНадежда Магомед-Гаджиевна _965434 _3RU\NLR\auth\7782506 |
|
| 801 | 0 |
_aRU _bРКП _c20090820 _grcr |
|
| 801 | 1 |
_aRU _bРГБ _c20090820 |
|
| 801 | 2 |
_aRU _bNLR _c20091016 _grcr |
|
| 830 | _aавт. по кн. | ||
| 942 | _cBOOK | ||
| 980 | _aNB | ||